[Event "IRQ-ch"]
[Site "Baghdad"]
[Date "2022.08.28"]
[Round "9"]
[White "Abdullah, Sinan Kareem"]
[Black "Mohammed, Bassam Faraj Allah"]
[Result "0-1"]
[WhiteElo "1456"]
[BlackElo "1706"]
[PlyCount "78"]
[EventDate "2022.08.24"]
[EventType "swiss"]
[EventRounds "9"]
[EventCountry "IRQ"]
[SourceTitle "CBM 210 Extra"]
[Source "ChessBase"]
[SourceDate "2022.11.30"]
[SourceVersion "1"]
[SourceVersionDate "2022.11.30"]
[SourceQuality "1"]

1. d4 Nf6 2. Bg5 Ne4 3. Bf4 c5 4. d5 Qb6 5. b3 Qf6 6. c3 Qxf4 7. Nh3 Qe5 8. Qd3 g6 9. f3 Nf6 10. e4 Bg7 11. Nd2 Nh5 12. Rc1 Nf4 13. Nxf4 Qxf4 14. g3 Qc7 15. Bh3 d6 16. Bxc8 Qxc8 17. 0-0 0-0 18. f4 Nd7 19. f5 Ne5 20. Qe2 Qd7 21. h4 e6 22. f6 Bh8 23. h5 exd5 24. exd5 Qg4 25. Qxg4 Nxg4 26. Ne4 Ne3 27. Rf3 Nxd5 28. c4 Rfe8 29. Nxd6 Re6 30. Nxb7 Nxf6 31. hxg6 hxg6 32. Nxc5 Re2 33. Nd3 Ng4 34. Rf4 Rd8 35. Rxg4 Rxd3 36. c5 Rdd2 37. Rh4 Bd4+ 38. Kh1 Bxc5 39. b4 Bd6 0-1

[Event "IRQ-ch"]
[Site "Baghdad"]
[Date "2022.08.25"]
[Round "3"]
[White "Ali, Zenalabeden Hamed"]
[Black "Mohammed, Bassam Faraj Allah"]
[Result "0-1"]
[WhiteElo "1448"]
[BlackElo "1706"]
[PlyCount "80"]
[EventDate "2022.08.24"]
[EventType "swiss"]
[EventRounds "9"]
[EventCountry "IRQ"]
[SourceTitle "CBM 210 Extra"]
[Source "ChessBase"]
[SourceDate "2022.11.30"]
[SourceVersion "1"]
[SourceVersionDate "2022.11.30"]
[SourceQuality "1"]

1. e4 c6 2. Nf3 d5 3. exd5 cxd5 4. d4 Nf6 5. Bd3 Bg4 6. h3 Bh5 7. Bg5 e6 8. Bb5+ Nc6 9. g4 Bg6 10. Ne5 Rc8 11. f4 Be4 12. 0-0 Be7 13. Nc3 0-0 14. Bxc6 bxc6 15. Bxf6 gxf6 16. Nf3 f5 17. g5 c5 18. Ne5 cxd4 19. Nxe4 dxe4 20. Kh1 Bd6 21. Qxd4 Bxe5 22. Qxe5 Rxc2 23. Rac1 Rxc1 24. Rxc1 Qd2 25. Rc7 e3 26. Rc3 Qe1+ 27. Kh2 Qf2+ 28. Kh1 Rd8 29. Rc1 Qf3+ 30. Kg1 Qg3+ 31. Kh1 Qxh3+ 32. Kg1 Qg4+ 33. Kh1 Rd1+ 34. Rxd1 Qxd1+ 35. Kh2 Qe2+ 36. Kh3 Qf3+ 37. Kh2 e2 38. b3 Qf2+ 39. Kh3 Qf1+ 40. Kh2 e1Q 0-1